Upkar's UGC/NET/JRF/SET Management (Paper - II) (Record no. 14535)
[ view plain ]
| 000 -LEADER | |
|---|---|
| fixed length control field | 00350nam a22001457a 4500 |
| 020 ## - INTERNATIONAL STANDARD BOOK NUMBER | |
| ISBN | 9788174829030 |
| 082 ## - DEWEY DECIMAL CLASSIFICATION NUMBER | |
| Classification number | 658 |
| Item number | KOL/UP |
| 100 ## - MAIN ENTRY--AUTHOR NAME | |
| Personal name | Koli, L.N |
| 100 ## - MAIN ENTRY--AUTHOR NAME | |
| Personal name | Prem Koli |
| 245 ## - TITLE STATEMENT | |
| Title | Upkar's UGC/NET/JRF/SET Management (Paper - II) |
| 250 ## - EDITION STATEMENT | |
| Edition statement | Rev ed |
| 260 ## - PUBLICATION, DISTRIBUTION, ETC. (IMPRINT) | |
| Place of publication | Agra -2 |
| Name of publisher | Upkar Prakashan |
| Year of publication | 2013 |
| 300 ## - PHYSICAL DESCRIPTION | |
| Number of Pages | 663 |
| 942 ## - ADDED ENTRY ELEMENTS (KOHA) | |
| Koha item type | Reference |
| Withdrawn status | Lost status | Damaged status | Collection code | Home library | Current library | Shelving location | Date acquired | Source of acquisition | Cost, normal purchase price | Full call number | Accession Number | Koha item type |
|---|---|---|---|---|---|---|---|---|---|---|---|---|
| Reference | KAUAET | KAUAET | General Stacks | 14/07/2016 | Professional Book Centre, Kochin. | 435.00 | 658 KOL/UP | 24223 | Books |
